000 00732cam a2200241 a 4500
001 000009877
005 20200929161737.0
008 960117s1996 mx 000 1 spa d
020 _a9681903110 (v. 1)
020 _a9681902904 (v. 2)
040 _aDO-SdBNP
_bspa
_cLC
_dBNPHU
082 _aA863.4
_bC827c
100 1 _aCortázar, Julio,
_d1914-1984
_910688
245 1 0 _aCuentos completos /
_cCortázar.
260 _aMéxico :
_bAlfaguara,
_c1996.
300 _a2 v. ;
_c24 cm.
505 0 _gv. 1.
_tCuentos completos 1945-1966 --
_gv. 2.
_tCuentos completos 1969-1982.
650 4 _aCuentos argentinos
_93752
650 4 _aLiteratura argentina
_93860
910 _aCatalogación por copia / LC
910 _aWM
049 _aBNGR
999 _c9636
_d9636